Горный информационно-аналитический бюллетень. Функциональные металлические материалы. Сырьевая база, магнитные материалы и системы. 2007; Отдельный вып. 1

Bibliographische Detailangaben
Körperschaft: Московский государственный горный университет
Weitere Verfasser: Бурханов Г. С. (редактор), Пучков Л. А. Лев Александрович
Zusammenfassung:Труды Международной конференции "Магниты и магнитные материалы" достаточно полно отражают состояние исследований и разработок в области металлических функциональных материалов, в том числе магнитных, создания новых магнитов и магнитных систем, их эффективного применения в современной технике. Публикации носят как фундаментальный, так и прикладной характер. Они затрагивают широкий круг проблем и отражают подходы и требования к созданию функциональных материалов и устройств нового поколения. Ряд статей посвящен состоянию сырьевой базы редких металлов, некоторым вопросам стратегии и экономики развития металлургической отрасли, эффективному использованию сырьевой базы в производстве магнитных и других функциональных материалов. Наряду с работами отечественных исследователей представлены статьи зарубежных коллег из Чехии, Польши, Казахстана. Ряд работ выполнен совместно с зарубежными коллегами. Для специалистов в области материаловедения, физики и химии твердого тела, электроники, магнитных систем.
Sprache:Russisch
Veröffentlicht: Москва, Изд-во Московского гос. горного ун-та, 2007
Schriftenreihe:Горный информационно-аналитический бюллетень
Schlagworte:
Format: Buch
KOHA link:https://koha.lib.tpu.ru/cgi-bin/koha/opac-detail.pl?biblionumber=116951

MARC

LEADER 00000nam0a2200000 4500
001 116951
005 20231031123457.0
035 |a (RuTPU)RU\TPU\book\126556 
090 |a 116951 
100 |a 20070529d2007 k y0rusy50 ca 
101 0 |a rus 
102 |a RU 
105 |a a z 101zy 
200 1 |a Горный информационно-аналитический бюллетень. Функциональные металлические материалы. Сырьевая база, магнитные материалы и системы. 2007  |h Отдельный вып. 1  |f под ред. Г. С. Бурханова;  
210 |a Москва  |c Изд-во Московского гос. горного ун-та  |d 2007 
215 |a 430 с.  |c ил. 
225 1 |a Горный информационно-аналитический бюллетень  |x 0236-1493 
320 |a Библиография в конце глав. 
330 |a Труды Международной конференции "Магниты и магнитные материалы" достаточно полно отражают состояние исследований и разработок в области металлических функциональных материалов, в том числе магнитных, создания новых магнитов и магнитных систем, их эффективного применения в современной технике. Публикации носят как фундаментальный, так и прикладной характер. Они затрагивают широкий круг проблем и отражают подходы и требования к созданию функциональных материалов и устройств нового поколения. Ряд статей посвящен состоянию сырьевой базы редких металлов, некоторым вопросам стратегии и экономики развития металлургической отрасли, эффективному использованию сырьевой базы в производстве магнитных и других функциональных материалов. Наряду с работами отечественных исследователей представлены статьи зарубежных коллег из Чехии, Польши, Казахстана. Ряд работ выполнен совместно с зарубежными коллегами. Для специалистов в области материаловедения, физики и химии твердого тела, электроники, магнитных систем. 
610 1 |a металлические материалы 
610 1 |a функциональные материалы 
610 1 |a производство 
610 1 |a справочная база 
610 1 |a магнитные материалы 
610 1 |a магнитные системы 
610 1 |a обработка 
610 1 |a расчеты 
610 1 |a физические процессы 
610 1 |a физические явления 
610 1 |a моделирование 
610 1 |a магнитные доменные структуры 
675 |a 669  |v 3 
675 |a 621.318.1  |v 3 
702 1 |a Бурханов  |b Г. С.  |4 340 
702 1 |a Пучков  |b Л. А.  |g Лев Александрович  |4 340 
712 0 2 |a Московский государственный горный университет  |2 stltpush  |3 (RuTPU)RU\TPU\col\453 
801 1 |a RU  |b 63413507  |c 20070529  |g PSBO 
801 2 |a RU  |b 63413507  |c 20231009  |g PSBO 
942 |c BK